Die 122 beliebtesten ♂ ♀ Vornamen in Rumänien - Statistiken

Allgemein
  • Dieses Quiz wurde 35 mal gespielt
  • Das Durchschnittsergebnis liegt bei 10 aus 124
Antwortstatistiken
♀ / ♂ Name % Korrekt
Jungen - - > | Mädchen - - > ⤵️
100%
M5 Maria
72%
D3 Dan
48%
D6 Daniel
44%
I3 Ion
44%
D5 David
32%
S5 Sofia
32%
A9 Alexandra
28%
A9 Anastasia
28%
A9 Alexandru
24%
D5 Daria
24%
S6 Stefan
24%
B6 Bianca
20%
B6 Bogdan
20%
C8 Cristian
20%
E3 Eva
20%
G7 Gabriel
20%
V8 Victoria
20%
A6 Amelia
16%
A7 Andreea
16%
F6 Florin
16%
M5 Matei
16%
V4 Vlad
16%
A6 Adelin
12%
M4 Maia
12%
R6 Roxana
12%
A5 Angel
8%
D6 Dorian
8%
D6 Dorina
8%
E11 Evanghelina
8%
J4 Jana
8%
M5 Maxim
8%
R5 Rares
8%
S8 Stefania
8%
Z4 Zina
8%
A5 Adela
4%
C7 Camelia
4%
C5 Cezar
4%
D7 Daciana
4%
D6 Damian
4%
E9 Ecaterina
4%
I5 Ivona
4%
J6 Janina
4%
L8 Loredana
4%
L6 Lucian
4%
O4 Oana
4%
O7 Octavia
4%
R6 Romina
4%
R8 Ruxandra
4%
S5 Sanda
4%
X5 Xenia
4%
A6 Adonis
0%
A6 Artiom
0%
A4 Aura
0%
A6 Axenia
0%
A6 Axinte
0%
B5 Barbu
0%
B8 Beniamin
0%
B7 Bogdana
0%
B8 Brandusa
0%
B5 Bucur
0%
C8 Cantemir
0%
C7 Cazimir
0%
C10 Clementina
0%
C7 Cosmina
0%
C5 Crina
0%
C9 Cristobal
0%
S7 Despina
0%
D4 Dida
0%
D6 Dragos
0%
D9 Dumitrana
0%
E6 Elvira
0%
E7 Emanuil
0%
E7 Eugenia
0%
E7 Eusebia
0%
E7 Evelina
0%
F5 Fabia
0%
F6 Fiodor
0%
F6 Flavia
0%
F7 Frusina
0%
G7 Geanina
0%
G7 Georgia
0%
G8 Gratiela
0%
H8 Haralamb
0%
H8 Henrieta
0%
H9 Heracleea
0%
H7 Horatiu
0%
H9 Hortensia
0%
I7 Iasmina
0%
I6 Ilinca
0%
I7 Izabela
0%
J7 Julieta
0%
L7 Lavinia
0%
M6 Manole
0%
M7 Melania
0%
M8 Mirabela
0%
M5 Miron
0%
M6 Miruna
0%
N7 Narcisa
0%
N5 Nidia
0%
O6 Ofelia
0%
O5 Ozana
0%
P10 Paraschiva
0%
P7 Paulica
0%
P5 Pavel
0%
P5 Petre
0%
P8 Pompilia
0%
R9 Robertina
0%
R7 Rozalia
0%
S5 Safta
0%
S8 Severina
0%
S4 Stan
0%
S7 Stefana
0%
S5 Stela
0%
T7 Tatiana
0%
T4 Teea
0%
T5 Timea
0%
T5 Tinca
0%
V8 Venjamin
0%
V7 Viorica
0%
V7 Viviana
0%
Z4 Zeno
0%
Keine übereinstimmenden Quizze gefunden
Verteilung der Resultate
Anzahl Personen mit jedem Resultat
Perzentil nach korrekt beantworteten Fragen
Ihre Resultats-Entwicklung
Sie haben dieses Quiz noch nicht gespielt